00716nam a2200217Ia 450000500170000000800410001702000230005804000190008104100120010008200160011210000260012824500590015426000290021330000100024250400500025265000470030285000100034994200070035999900170036695201150038320230316101549.0131103s9999 xx 000 0 und d a8129500914cRs.100 aLoreto College aEnglish a891.44bMAJ aMajumdar, Ujjal Kumar aSahitya o samalochanar rup-reeticUjjal Kumar Majumdar aKolkatabDey's Pubc2003 a254p  aIncludes bibliographical references and index aBengali Literature - History and Criticism aLCLIB cBK c20426d70905 00102ddc4070aMAINbMAINd2013-11-04l9o891.44 MAJ 45301pB22316r2018-04-16s2018-04-16w2013-11-04yBKf